000 00861nam a22003017a 4500
001 BR7902242
003 BR-BrBNA
005 20230928090005.0
007 ta
008 230509b bl.||||| |||| 00| 0 por d
040 _aBR-BrBNA
_bpor
_cBiblioteca Nacional de Agricultura
041 _a(Por)
072 _aF70
_b3200
_b/G514
090 _ 3200 BR7902242
100 1 _aBarroso, G.M.
100 1 _aGuimaraes, E.F.
100 1 _aIchaso, C.L.F.
100 1 _aCosta, C.G.
100 1 _aPeixoto, A.L.
110 1 _aUniversidade de Sao Paulo, Sao Paulo (Brasil)
_910514
245 1 _aSistematica de angiospermas do Brasil
_bv. 1
260 3 _aSao Paulo, SP (Brasil):
_bLivros Tecnicos e Cientificos,
_c1978.
300 _a255 p.
650 _aTAXONOMIA VEGETAL
650 _aARVORE ANGIOSPERMA
909 _a202309
_bLucia
_c55
_dLucia Elande
942 _cBK
999 _c27337
_d27337